Statistics for Most Spoken Languages in Florida

Click here to take the quiz!

General Stats

  • This quiz has been taken 155 times
  • The average score is 12 of 16

Answer Stats

# SpeakersLanguage% Correct
3,406,460Spanish
99%
426,597French
95%
86,519Portuguese
92%
72,465German
91%
38,498Arabic
89%
35,578Chinese
89%
31,566Russian
87%
53,644Italian
83%
20,545Hindi
80%
19,646Korean
70%
23,915Polish
67%
54,873Tagalog
67%
53,804Vietnamese
62%
22,321Greek
55%
19,407Hebrew
39%
16,803Gujarati
21%

Score Distribution

Percentile by Number Answered

Percent of People with Each Score

Your Score History

You have not taken this quiz